Preparation of graduates for development of tourism in regions

Guardado en:
Detalles Bibliográficos
Autor principal: Michálková, Anna, 1968-
Formato: Capítulo de libro
Lenguaje:inglés
Materias:
Etiquetas: Agregar Etiqueta
Sin Etiquetas, Sea el primero en etiquetar este registro!

MARC

LEADER 00000naa$a2200000$$$4500
001 0054729
005 20250707073522.6
041 0 |a eng 
044 |a SK 
245 1 0 |a Preparation of graduates for development of tourism in regions  |c Anna Michálková 
500 |a Abstrakt 
610 2 0 |a ruch cestovný 
610 2 0 |a regióny 
610 2 0 |a absolventi 
610 2 0 |a vzdelávanie 
610 2 0 |a globalizácia 
610 2 0 |a Ekonomická univerzita v Bratislave 
100 1 |a Michálková, Anna, 1968-